Utójáték
Elmentve itt :
| Szerző: | |
|---|---|
| Dokumentumtípus: | Cikk |
| Megjelent: |
1986
|
| Sorozat: | Beszélő : politikai és kulturális folyóirat
17 |
| Kulcsszavak: | Társadalomtudomány, Politikatudomány |
| Online Access: | http://misc.bibl.u-szeged.hu/2332 |
| LEADER | 00593nab a2200181 i 4500 | ||
|---|---|---|---|
| 001 | misc2332 | ||
| 005 | 20191106141419.0 | ||
| 008 | 170607s1986 hu o 0|| hun d | ||
| 022 | |a 0865-4093 | ||
| 040 | |a SZTE Miscellanea Repozitórium |b hun | ||
| 041 | |a hun | ||
| 100 | 1 | |a Solt Ottilia | |
| 245 | 1 | 0 | |a Utójáték |h [elektronikus dokumentum] / |c Solt Ottilia |
| 260 | |c 1986 | ||
| 300 | |a 8-11 | ||
| 490 | 0 | |a Beszélő : politikai és kulturális folyóirat |v 17 | |
| 695 | |a Társadalomtudomány, Politikatudomány | ||
| 856 | 4 | 0 | |u http://misc.bibl.u-szeged.hu/2332/1/beszelo_017_008-011.pdf |z Dokumentum-elérés |